[Event "Podolsk"]
[Site "Podolsk"]
[Date "1993.??.??"]
[Round "?"]
[White "Ehlvest, Jaan"]
[Black "Oll, Lembit"]
[Result "1/2-1/2"]
[WhiteElo "2620"]
[BlackElo "2595"]
[PlyCount "49"]
[EventDate "1993.10.??"]
[EventType "tourn"]
[EventRounds "9"]
[EventCountry "RUS"]
[EventCategory "14"]
[Source "ChessBase"]
[SourceDate "1994.02.01"]

1. c4 c6 2. e4 d5 3. exd5 Nf6 4. Nc3 cxd5 5. cxd5 Nxd5 6. Nf3 Nc6 7. d4 e6 8.
Bc4 Be7 9. O-O O-O 10. Re1 b6 11. Nxd5 exd5 12. Bb5 Bb7 13. a3 Rc8 14. Bd2 Bd6
15. Rc1 Ne7 16. Qa4 a6 17. Rxc8 Qxc8 18. Bd3 Ng6 19. Bb4 Bxb4 20. Qxb4 Qd8 21.
Bxg6 hxg6 22. Qe7 Bc6 23. Qa7 Bb5 24. b3 Qb8 25. Qe7 1/2-1/2

[Event "Podolsk"]
[Site "Podolsk"]
[Date "1993.??.??"]
[Round "?"]
[White "Oll, Lembit"]
[Black "Chernin, Alexander"]
[Result "1-0"]
[WhiteElo "2595"]
[BlackElo "2615"]
[Annotator "Belov"]
[PlyCount "73"]
[EventDate "1993.10.??"]
[EventType "tourn"]
[EventRounds "9"]
[EventCountry "RUS"]
[EventCategory "14"]
[Source "ChessBase"]
[SourceDate "1994.02.01"]

1. d4 d5 2. c4 c6 3. Nf3 Nf6 4. Nc3 dxc4 5. a4 Bf5 6. e3 e6 7. Bxc4 Bb4 8. O-O
Nbd7 9. Qe2 Bg6 10. e4 O-O 11. Bd3 Bh5 (11... Re8 12. e5 (12. Bf4) 12... Nd5
13. Bxg6 fxg6 14. Ne4 h6 15. a5 a6 16. Bd2 Be7 17. Ne1 $1 Kh7 18. Nd3 $14 {
Vladimirov,E-Tischbierek,R /Hastings/1990/}) 12. e5 Nd5 13. Ne4 $5 (13. Nxd5
cxd5 14. Qe3 Be7 (14... Bg6 15. Ng5 Re8 16. f4 Rc8 17. g4 f6 18. Nf3 Bxd3 19.
Qxd3 fxe5 $10) (14... h6 15. Ne1 Bxe1 $1 16. Qh3 {
Smeikal,J-Mednis,E /Amsterdam/1986 Inf 47/482/} Qa5 $1 17. Bxh6 Bd2 $1 18. Be3
Bg6 19. Bxg6 fxg6 20. Qxe6+ Rf7 $13 {Smeikal/}) 15. Ng5 $5 (15. Bd2 Nb8 16. Ne1
Bg6 17. f4 Nc6 18. g4 f5 19. exf6 Rxf6 20. Bc3 Qe8 $1 $10 {
Vaganian,R-Chernin,A /Sochi/1986 Inf 42/483/}) (15. Ne1 Bg6 16. f4 Bxd3 17.
Nxd3 f5 $6 18. exf6 Rxf6 19. Bd2 a5 20. Rae1 $16 {
Gligoric,S-Khalifman,A /Plovdiv/1986/}) 15... Bxg5 16. Qxg5 Bg6 $1 17. Bxg6
fxg6 18. Qg4 Qe7 19. b3 $16 {Dautov,R-Cuijpers,F /Nimes/1991 Inf 51/393/})
13... Be7 14. a5 (14. h3 Bg6 $6 15. Neg5 Bxg5 16. Nxg5 Qe7 17. Bxg6 fxg6 18.
Qg4 Rf5 19. Ne4 $16 {Palatnik,S-Meduna,E /Hradeo Kralove/1981/}) 14... Rc8 (
14... c5 $6 15. dxc5 Bxc5 16. Nxc5 Nxc5 17. Bxh7+ Kxh7 18. Qc2+ Kg8 19. Ng5 $1
Bg6 20. Qxc5) 15. Ng3 $5 $146 (15. Bd2 $10) 15... Bg6 16. Bxg6 hxg6 (16... fxg6
17. Ne4 c5 $6 (17... h6 $5) 18. Nfg5 Rc6 (18... Bxg5 19. Bxg5 Qc7 20. Nd6 $16)
19. Nxe6 $1 Rxe6 20. Qc4 Nb8 21. Nc3 $16) 17. Ne4 c5 18. Nc3 $5 Nxc3 (18... Nb8
19. Rd1 Nc6 20. dxc5) 19. bxc3 Nb8 (19... cxd4 20. cxd4 Nb8 21. Rb1 Rc7 (21...
Qd7 22. Bg5 $16) 22. Qe4 Nc6 23. Qg4 Nxa5 24. Bg5 $1 $14) 20. Rd1 Nc6 (20...
cxd4 21. cxd4 Nc6 22. a6 b5 23. Qe4 $14) 21. a6 bxa6 22. dxc5 $5 (22. Qe4 $5)
22... Qc7 23. Rd6 $1 $16 (23. Bg5 Bxc5 $13) 23... Na5 (23... Bxd6 24. exd6 (24.
cxd6 Qb6 25. Bg5 $16) 24... Qd7 25. Ng5 Rfe8 26. Qe4 $16) 24. Bg5 $1 Bxg5 (
24... Bxd6 25. cxd6 Qxc3 26. Rd1 Nb7 27. d7 Ra8 28. Be7 $16) 25. Nxg5 Qxc5 26.
Rd3 Nc4 $2 (26... Rfd8 $2 27. Qf3 $1 Qe7 $8 28. Rxd8+ Rxd8 29. Qg4 Nc4 30. Qh4
$18) (26... Rcd8 $5 27. Re1 Nc4 $16) 27. Qg4 $1 Rfd8 (27... Nxe5 28. Qh4 Rfe8 (
28... Rfd8 29. Nxe6 $1) 29. Rh3 Kf8 30. Nh7+ Kg8 31. Nf6+ $18) 28. Nxe6 $18
Rxd3 (28... fxe6 29. Qxe6+ Kf8 30. Rf3#) (28... Nxe5 29. Qh4 $1 $18) 29. Nxc5
Rxc5 30. e6 Ne5 31. exf7+ Kxf7 32. Qf4+ Kg8 33. h3 a5 34. Rb1 Nd7 35. Rb7 Rcxc3
36. Rxa7 Nf6 37. Qg5 (37. Qg5 Rd1+ 38. Kh2 Rcc1 39. Qxg6 Rh1+ 40. Kg3 Ne4+ 41.
Kh4 $18) 1-0

[Event "Podolsk"]
[Site "Podolsk"]
[Date "1993.??.??"]
[Round "?"]
[White "Oll, Lembit"]
[Black "Krasenkow, Michal"]
[Result "1/2-1/2"]
[WhiteElo "2595"]
[BlackElo "2595"]
[PlyCount "40"]
[EventDate "1993.10.??"]
[EventType "tourn"]
[EventRounds "9"]
[EventCountry "RUS"]
[EventCategory "14"]
[Source "ChessBase"]
[SourceDate "1994.02.01"]

1. d4 Nf6 2. c4 g6 3. Nc3 d5 4. Nf3 Bg7 5. cxd5 Nxd5 6. e4 Nxc3 7. bxc3 c5 8.
Be3 Qa5 9. Qd2 O-O 10. Rc1 cxd4 11. cxd4 Qxd2+ 12. Nxd2 Rd8 13. d5 e6 14. Bc4
exd5 15. Bxd5 Nc6 16. Bg5 Re8 17. O-O h6 18. Be3 Be6 19. Rb1 Bxd5 20. exd5 Na5
1/2-1/2

[Event "Podolsk"]
[Site "Podolsk"]
[Date "1993.??.??"]
[Round "?"]
[White "Oll, Lembit"]
[Black "Tiviakov, Sergei"]
[Result "0-1"]
[WhiteElo "2595"]
[BlackElo "2635"]
[Annotator "Boensch,U"]
[PlyCount "74"]
[EventDate "1993.10.??"]
[EventType "tourn"]
[EventRounds "9"]
[EventCountry "RUS"]
[EventCategory "14"]
[Source "ChessBase"]
[SourceDate "1994.02.01"]

1. e4 c5 2. Nf3 Nc6 3. Bb5 d6 4. O-O Bg4 (4... Bd7 5. Re1 Nf6 6. c3 a6 7. Bf1
Bg4 8. d3 e6 9. Nbd2 d5 10. h3 Bxf3 11. Qxf3 Be7 12. Qg3 O-O 13. Nf3 Nh5 14.
Qh2 f5 $15 {Arkhipov,S-Brodskij,M Sochi 1993 1/2 29 -CBM 38}) 5. h3 Bh5 6. c4
$5 $146 (6. c3 e6 $2 (6... a6 $5) (6... Qb6 $5) 7. d4 Nf6 8. d5 a6 9. Bxc6+
bxc6 10. dxe6 fxe6 11. e5 $1 dxe5 12. Qxd8+ Rxd8 13. Nxe5 $16 {
Torre,T-Perenyi,B Saint John op-2 1988 1-0 34}) 6... Nf6 (6... e5 $5) 7. g4 Bg6
8. e5 dxe5 9. Nxe5 Rc8 10. Nc3 (10. Qa4 Qc7 11. d4 $13 {/\ Bf4}) 10... e6 11.
Qa4 Qc7 12. Re1 Bd6 13. Nxg6 hxg6 14. Kg2 O-O 15. Bxc6 bxc6 (15... Qxc6+ 16.
Qxc6 Rxc6 $15) 16. d3 Nd7 17. Qc2 Rce8 18. Ne4 f5 19. Ng5 e5 20. gxf5 gxf5 21.
Kh1 Nf6 22. Rg1 e4 $1 $40 23. Bd2 Bf4 24. Bc3 e3 25. Qe2 (25. Rae1 Bxg5 26.
Rxg5 Qf4 27. Reg1 exf2 28. Rxg7+ Kh8 $19) 25... exf2 26. Qxf2 Be3 $19 27. Qh4
Bxg1 28. Rxg1 (28. Bxf6 $4 Qh2#) 28... Re2 29. Rg3 Rfe8 30. Nf3 (30. Bxf6 Re1+
31. Kg2 (31. Rg1 Rxg1+ 32. Kxg1 gxf6 $19) 31... R8e2+ 32. Kf3 Re3+ 33. Kf2
Qxg3+ $19) 30... R8e3 31. Rg2 (31. Bxf6 Rxf3 32. Rxg7+ Qxg7 33. Bxg7 Rf1#)
31... Rxg2 32. Kxg2 Qe7 33. Qf4 Re2+ 34. Kf1 Qe3 35. Qxe3 Rxe3 36. Ne5 Rxh3 37.
Nxc6 Ng4 0-1

[Event "Podolsk"]
[Site "Podolsk"]
[Date "1993.??.??"]
[Round "?"]
[White "Sveshnikov, Evgeny"]
[Black "Oll, Lembit"]
[Result "1/2-1/2"]
[WhiteElo "2570"]
[BlackElo "2595"]
[PlyCount "42"]
[EventDate "1993.10.??"]
[EventType "tourn"]
[EventRounds "9"]
[EventCountry "RUS"]
[EventCategory "14"]
[Source "ChessBase"]
[SourceDate "1994.02.01"]

1. e4 c6 2. d4 d5 3. exd5 cxd5 4. c4 Nf6 5. Nc3 Nc6 6. Bg5 Be6 7. Qd2 g6 8.
Bxf6 exf6 9. c5 h5 10. Bb5 Bh6 11. f4 O-O 12. Bxc6 bxc6 13. Nge2 Rb8 14. O-O
Re8 15. Rae1 Bc8 16. Ng3 Ba6 17. Rxe8+ Qxe8 18. Rf3 Qe7 19. Nge2 Re8 20. Kf2 f5
21. g3 h4 1/2-1/2

[Event "St Petersburg op"]
[Site "St Petersburg"]
[Date "1993.??.??"]
[Round "?"]
[White "Lukin, Andrey"]
[Black "Oll, Lembit"]
[Result "0-1"]
[WhiteElo "2440"]
[BlackElo "2595"]
[PlyCount "78"]
[EventDate "1993.10.??"]
[EventType "swiss"]
[EventRounds "9"]
[EventCountry "RUS"]
[Source "ChessBase"]
[SourceDate "1994.03.01"]

1. e4 c5 2. Nf3 Nc6 3. d4 cxd4 4. Nxd4 Nf6 5. Nc3 d6 6. Bc4 Qb6 7. Nb3 e6 8.
Bg5 Ne5 9. Bb5+ Bd7 10. Bxf6 Bxb5 11. Bxe5 dxe5 12. Nxb5 Qxb5 13. Qe2 Qa4 14.
O-O Be7 15. Rfd1 O-O 16. c3 Rad8 17. Qc2 g6 18. a3 f5 19. Re1 Rd6 20. exf5 Rb6
21. fxg6 Qxb3 22. gxh7+ Kh8 23. Qe4 Qxb2 24. Qxe5+ Bf6 25. Qc5 Bg7 26. Rac1 a6
27. Rf1 Rc6 28. Qe7 b5 29. h4 Rxc3 30. Rb1 Qxa3 31. Qxe6 Rc2 32. Rbd1 Qa4 33.
Rd3 Qc4 34. Qg6 Rc1 35. Rxc1 Qxc1+ 36. Kh2 Qf4+ 37. Rg3 Qxh4+ 38. Kg1 Qd4 39.
Rf3 Qd1+ 0-1

[Event "St Petersburg op"]
[Site "St Petersburg"]
[Date "1993.??.??"]
[Round "?"]
[White "Oll, Lembit"]
[Black "Yuneev, Alexey"]
[Result "1-0"]
[WhiteElo "2595"]
[BlackElo "2365"]
[PlyCount "89"]
[EventDate "1993.10.??"]
[EventType "swiss"]
[EventRounds "9"]
[EventCountry "RUS"]
[Source "ChessBase"]
[SourceDate "1994.03.01"]

1. d4 d5 2. c4 e6 3. Nf3 Nf6 4. Nc3 c6 5. Bg5 Nbd7 6. e3 Qa5 7. Nd2 dxc4 8.
Bxf6 Nxf6 9. Nxc4 Qc7 10. Rc1 Nd5 11. Ne4 Bb4+ 12. Ned2 O-O 13. Bd3 Be7 14. O-O
c5 15. Ne5 b6 16. Qh5 g6 17. Qh6 Bb7 18. Ndf3 Bf6 19. a3 Qe7 20. e4 Bg7 21. Qd2
Nf6 22. Qe3 cxd4 23. Nxd4 Rac8 24. h3 Nd7 25. Nec6 Qf6 26. f4 Rfe8 27. e5 Qh4
28. b4 a6 29. a4 Kh8 30. Kh2 g5 31. fxg5 Bxc6 32. g3 Qh5 33. Nxc6 Rxc6 34. Rxc6
Nxe5 35. Be2 Qg6 36. Rxb6 Qc2 37. Rf2 Qxa4 38. Bxa6 Rd8 39. Be2 Qa7 40. Qc5 Nd7
41. Rxf7 Qxb6 42. Rxd7 Qb8 43. Rxg7 Rd2 44. Rc7 Rxe2+ 45. Kg1 1-0

[Event "St Petersburg op"]
[Site "St Petersburg"]
[Date "1993.??.??"]
[Round "?"]
[White "Yakovich, Yuri"]
[Black "Oll, Lembit"]
[Result "1/2-1/2"]
[WhiteElo "2525"]
[BlackElo "2595"]
[PlyCount "40"]
[EventDate "1993.10.??"]
[EventType "swiss"]
[EventRounds "9"]
[EventCountry "RUS"]
[Source "ChessBase"]
[SourceDate "1994.03.01"]

1. e4 c5 2. Nc3 Nc6 3. Nge2 Nf6 4. d4 cxd4 5. Nxd4 d6 6. f4 e5 7. Nf3 Be7 8.
Bc4 O-O 9. O-O Be6 10. Bb3 b5 11. Qd3 b4 12. Nd5 Rc8 13. Nxf6+ Bxf6 14. f5 Bxb3
15. axb3 Nd4 16. Nxd4 Qb6 17. c4 bxc3 18. bxc3 exd4 19. c4 Rfe8 20. Bb2 Rb8
1/2-1/2

[Event "St Petersburg op"]
[Site "St Petersburg"]
[Date "1993.??.??"]
[Round "?"]
[White "Zvjaginsev, Vadim"]
[Black "Oll, Lembit"]
[Result "1-0"]
[WhiteElo "2455"]
[BlackElo "2595"]
[PlyCount "55"]
[EventDate "1993.10.??"]
[EventType "swiss"]
[EventRounds "9"]
[EventCountry "RUS"]
[Source "ChessBase"]
[SourceDate "1994.03.01"]

1. d4 d5 2. c4 c6 3. e3 Nf6 4. Nc3 e6 5. Nf3 Nbd7 6. Qc2 Bd6 7. Be2 O-O 8. O-O
b6 9. e4 dxe4 10. Nxe4 Nxe4 11. Qxe4 Bb7 12. Bd3 g6 13. Bh6 Re8 14. Rad1 Rb8
15. Qe3 e5 16. Bf5 e4 17. Ne5 Nf6 18. Bh3 Qc7 19. f4 c5 20. d5 Nh5 21. Bg4 Nf6
22. h3 b5 23. Bg5 Qe7 24. Bd7 h6 25. Bxe8 Rxe8 26. Bxh6 Nh7 27. cxb5 Qh4 28.
Ng4 1-0

[Event "Tilburg"]
[Site "Tilburg"]
[Date "1993.??.??"]
[Round "1"]
[White "Oll, Lembit"]
[Black "Campora, Daniel Hugo"]
[Result "0-1"]
[WhiteElo "2595"]
[BlackElo "2540"]
[PlyCount "94"]
[EventDate "1993.11.??"]
[EventType "k.o."]
[EventRounds "7"]
[EventCountry "NED"]
[Source "ChessBase"]
[SourceDate "1994.04.01"]

1. d4 d5 2. c4 e6 3. Nc3 Nf6 4. cxd5 exd5 5. Bg5 c6 6. e3 Bf5 7. Nge2 h6 8.
Bxf6 Qxf6 9. g3 Nd7 10. Bg2 Bd6 11. O-O Qe7 12. Qd2 O-O 13. f3 Rad8 14. Rae1
Bh7 15. Nf4 Nb6 16. Kh1 Nc4 17. Qf2 Bxf4 18. gxf4 Qb4 19. Nd1 Rfe8 20. Rg1 Nd6
21. Bf1 Re6 22. a3 Qb6 23. Nc3 Rde8 24. Na4 Qc7 25. Nc5 Rg6 26. Bh3 Rxg1+ 27.
Rxg1 Bf5 28. Bxf5 Nxf5 29. e4 Nd6 30. f5 Kh7 31. Qg3 Rg8 32. Qf4 b6 33. e5 Nb5
34. Nd3 c5 35. dxc5 bxc5 36. Nf2 Nd4 37. Ng4 Qc8 38. f6 g5 39. Qg3 Qf5 40. Rf1
Ne6 41. Ne3 Qd3 42. Qf2 d4 43. Nd5 Rd8 44. Ne7 Rb8 45. Re1 Rb3 46. f4 Nxf4 47.
e6 Rxb2 0-1

[Event "Groningen PCA"]
[Site "Groningen"]
[Date "1993.??.??"]
[Round "2"]
[White "Korchnoi, Viktor"]
[Black "Oll, Lembit"]
[Result "1/2-1/2"]
[WhiteElo "2625"]
[BlackElo "2595"]
[PlyCount "62"]
[EventDate "1993.12.??"]
[EventType "swiss"]
[EventRounds "11"]
[EventCountry "NED"]
[Source "ChessBase"]
[SourceDate "1994.04.01"]

1. c4 c6 2. e4 d5 3. exd5 Nf6 4. Nc3 cxd5 5. cxd5 Nxd5 6. Nf3 e6 7. Bc4 Nc6 8.
O-O Be7 9. d4 O-O 10. Re1 Bf6 11. Ne4 b6 12. a3 Bb7 13. Qd3 Nce7 14. Bd2 Ng6
15. Neg5 Nde7 16. Rxe6 Bxf3 17. Rxf6 gxf6 18. Nxf3 Qd7 19. Bb5 Qf5 20. Qb3 Rfc8
21. Re1 Qd5 22. Qxd5 Nxd5 23. g3 Rc2 24. Rb1 Rd8 25. Bd3 Rc7 26. Kf1 Nf8 27.
Re1 Ne6 28. Bb1 Ne7 29. Bc3 Nd5 30. Bd2 Ne7 31. Bc3 Nd5 1/2-1/2

[Event "Groningen PCA"]
[Site "Groningen"]
[Date "1993.??.??"]
[Round "3"]
[White "Oll, Lembit"]
[Black "Hodgson, Julian"]
[Result "0-1"]
[WhiteElo "2595"]
[BlackElo "2625"]
[Annotator "Glatman"]
[PlyCount "92"]
[EventDate "1993.12.??"]
[EventType "swiss"]
[EventRounds "11"]
[EventCountry "NED"]
[Source "ChessBase"]
[SourceDate "1994.04.01"]

1. e4 c5 2. Nf3 d6 3. d4 cxd4 4. Nxd4 Nf6 5. Nc3 Nc6 6. Bg5 e6 7. Qd2 Be7 8.
O-O-O O-O 9. f4 Nxd4 10. Qxd4 Qa5 11. Bc4 Bd7 12. e5 dxe5 13. fxe5 Bc6 14. Bd2
Nd7 15. Nd5 Qd8 16. Nxe7+ Qxe7 17. Rhe1 Rfd8 (17... Nb6 18. Bb3 Rfd8 19. Qg4
Qc5 20. c3 Bb5 21. Be3 Rxd1+ 22. Bxd1 Qc4 23. Bd4 $16 {
Sznapik,A-Wessman,R/Novi Sad(ol)/1990/1:0 (71) Inf 50/223/}) (17... Rfc8 18.
Kb1 Qc5 19. Qxc5 Nxc5 20. Bf1 a5 21. Be3 {
Ivanchuk,V-Garcia Ilundain,D/Terrassa/1991/} b6 $5 22. Rd6 Rab8 $14) 18. Qg4
Nf8 19. Bd3 (19. h4 $5 Qc5 20. Bc3 {
Sherzer,A-Rachels,S/USA(ch)/1992/1:0 (38) Inf 56/215/} Bd5 $5 21. Bd3 Bxa2 22.
h5 $44) (19. Bf1 Qc5 $1 20. Bc3 Ng6 21. Qg5 Rd5 22. Rxd5 Bxd5 23. a3 {
Kamsky,G-Anand,V/Linares/1993/0:1 (68) Inf 57/200/} a6 $1 $132) 19... Rxd3 20.
cxd3 Qd7 (20... Ng6 21. Kb1 Qd8 22. Bc3 a5 23. g3 Ne7 24. Bd4 Qd5 25. Bg1 a4
26. Qb4 Qd8 27. Bb6 Qd7 28. Bc5 Nd5 29. Qd4 $14 {
Anand,V-Lobron,E/Manila(ol)/1992/0,5 (52) Inf 55/224/}) 21. Kb1 (21. Bc3 Qd5
22. Kb1 Qxg2 $10) (21. Re3 Qd5 22. Kb1 Ng6 23. Bc3 Qxg2 24. Qxg2 Bxg2 25. Rg3
Bc6 26. Rdg1 Rd8 $10 {Ivanov,Al-Rachels,S/USA(ch)/1989/ Inf 48/276/}) (21. Bb4
$5 Qd5 22. Bxf8 Rxf8 23. Kb1 Qxg2 24. Qxg2 Bxg2 25. Rc1 $14 {
Georgiev,Kir-Gurevich,D/Palma de Mallorca(GMA)/1989/0,5 (59) Inf 48/276/})
21... Qxd3+ 22. Ka1 h5 $5 $146 (22... Qf5 $6 23. Qg3 Ng6 24. Bc3 h6 25. Rf1 Qe4
26. Rd2 Bd5 27. b3 Rc8 28. Kb2 $14 {
Ivanchuk,V-Anand,V/Linares(m/7)/1992/1:0 (51) Inf 55/225/}) (22... Qc2 23. h4
$14) (22... Qg6 23. Qxg6 Nxg6 24. g3 $14) (22... Bd5 23. Bc3 Qa6 $2 (23... Qb5
$14) 24. Rxd5 exd5 25. e6 $18) 23. Qxh5 $6 (23. Qe2 Qxe2 24. Rxe2 Rd8 $14 {
Ivanchuk/} 25. Kb1 Ng6 26. Kc1 Nh4 27. Rg1) 23... Ba4 24. Bc3 (24. b3 Qd4+ 25.
Kb1 Bb5 26. a4 Bd3+ 27. Ka2 Bc2 $36) 24... Bxd1 25. Rxd1 Qe4 26. Qg5 (26. Qf3
Qxf3 27. gxf3 Kh7 $15) 26... a5 $17 27. Qd2 Ng6 28. g3 (28. Bxa5 $2 Qa4 29. b4
Nxe5 $19) 28... Ne7 29. Qd7 Nd5 30. Bd4 (30. Qxb7 $4 Nxc3 $19) (30. Rf1 Rf8 31.
Bxa5 Ne3 $19) 30... Qe2 (30... Nb4 31. a3 Qe2 32. Rc1 Qd3 33. Qxb7) 31. Rc1 b5
(31... Qd2 32. Rf1) 32. Bc5 Qd3 33. Qc6 Rd8 34. Bd6 Kh7 $3 35. Qc5 (35. Qc2
Qxc2 36. Rxc2 b4 37. Rc5 Ra8 {/\Kg6-f5/}) 35... Kg6 36. h4 Rh8 37. a3 Rh5 38.
Qg1 Kh7 (38... Rf5 $5) 39. Rd1 Qb3 40. Rd2 Rf5 $19 41. g4 (41. Qb1 Kg8 $5)
41... Rf4 42. Qb1+ Kg8 43. g5 (43. Rc2 Rc4 44. Rxc4 Qxc4 $19) 43... b4 44. Rd3
Nc3 $1 45. axb4 (45. bxc3 Qxa3+ 46. Qa2 Rf1+) 45... Qa2+ $1 46. Qxa2 Rf1+ 0-1

[Event "Groningen PCA"]
[Site "Groningen"]
[Date "1993.??.??"]
[Round "4"]
[White "Granda Zuniga, Julio E"]
[Black "Oll, Lembit"]
[Result "1-0"]
[WhiteElo "2610"]
[BlackElo "2595"]
[Annotator "Kharitonov"]
[PlyCount "65"]
[EventDate "1993.12.??"]
[EventType "swiss"]
[EventRounds "11"]
[EventCountry "NED"]
[Source "ChessBase"]
[SourceDate "1994.04.01"]

1. d4 Nf6 2. c4 g6 3. Nf3 Bg7 4. g3 c6 5. Bg2 d5 6. cxd5 cxd5 7. O-O O-O 8. Nc3
e6 9. Ne5 Nfd7 10. f4 Nc6 11. Be3 Nb6 12. Bf2 (12. Nxc6 $5 bxc6 13. Bf2 {
Dorfman/ Inf 44/557/}) 12... f6 $6 $146 (12... Bd7 $5 13. e4 Ne7 14. Nxd7 Nxd7
15. e5 Rc8 16. Rc1 a6 17. b3 $14 {
Karpov,A-Kamsky,G/Moscow/1992/1:0 (54) Inf 56/527/}) (12... f5 $5 13. Rc1 (13.
Nxc6 $5 bxc6 14. Rc1 $14) 13... Bd7 14. Qd3 Be8 $1 15. Nb1 Nc8 16. Nd2 Nd6 $10
{Georgiev,Kir-Popovic,P/Tilburg/1:0 (40) Inf 56/526/}) (12... Ne7 $5 13. a4 a5
14. Qb3 Bd7 15. Rfc1 Bc6 $10 {
Karpov,A-Kasparov,G/Sevilla(m/3)/0,5 (29) Inf 44/557/}) 13. Nxc6 bxc6 14. Rc1
$6 (14. e4 $1 dxe4 15. Nxe4 $16) (14. e4 Bd7 15. Rc1 $14) 14... Rb8 $2 (14...
e5 $5 15. fxe5 fxe5 16. dxe5 Bxe5 $13) 15. b3 $2 (15. e4 $1) 15... Bd7 $2 (
15... e5 $1) 16. e4 $16 Kh8 17. Qd2 Be8 18. e5 (18. Rfe1 $5) 18... g5 $2 (18...
fxe5 19. fxe5 $16 (19. dxe5 $5 $16)) (18... f5 19. Ne2 {/\Rc2,Nc1-d3+/=/}) 19.
exf6 Bxf6 20. fxg5 Bxg5 21. Be3 Rxf1+ 22. Rxf1 Bf6 (22... Bxe3+ 23. Qxe3 $18)
23. Bh3 (23. Rxf6 Qxf6 24. Bf4 Nd7 $1 $14) 23... Bf7 24. Na4 $1 Nd7 (24... Nxa4
25. Rxf6 $1 Qxf6 26. Bf4 Qd8 (26... Kg8 27. Bxb8 Nb6 28. Bxa7 $16) 27. Be5+ Kg8
28. Qh6 Qf8 29. Qf6 Bh5 30. Bxe6+ $18) 25. Bf4 Rc8 26. Bd6 Bg8 (26... Kg8 27.
Qe3 Qe8 28. Rxf6 $18) 27. Rxf6 $1 Qxf6 (27... Nxf6 28. Qg5 Nd7 (28... Qxd6 29.
Qxf6#) 29. Be5+) 28. Nc5 Nxc5 29. Be5 Qxe5 30. dxe5 Nd7 31. Qa5 c5 32. Qxa7
Nxe5 33. Qe7 1-0

[Event "Groningen PCA"]
[Site "Groningen"]
[Date "1993.??.??"]
[Round "5"]
[White "Nijboer, Friso"]
[Black "Oll, Lembit"]
[Result "1/2-1/2"]
[WhiteElo "2555"]
[BlackElo "2595"]
[PlyCount "80"]
[EventDate "1993.12.??"]
[EventType "swiss"]
[EventRounds "11"]
[EventCountry "NED"]
[Source "ChessBase"]
[SourceDate "1994.04.01"]

1. e4 Nf6 2. e5 Nd5 3. d4 d6 4. Nf3 Bg4 5. Be2 e6 6. O-O Be7 7. c4 Nb6 8. Nc3
O-O 9. Be3 a5 10. exd6 cxd6 11. c5 dxc5 12. dxc5 N6d7 13. Ne4 Na6 14. Rc1 f5
15. Nd4 Bxe2 16. Qxe2 fxe4 17. Nxe6 Qe8 18. Nxf8 Bxf8 19. Qc4+ Kh8 20. Qd5 Rb8
21. c6 bxc6 22. Qxa5 Nb4 23. a3 Nd5 24. Rxc6 Nxe3 25. fxe3 Rxb2 26. Qf5 Rb8 27.
Re6 Qc8 28. Rxe4 Bxa3 29. Rh4 h6 30. Qd3 Bb2 31. Rc4 Qe8 32. Rc7 Nf6 33. Rc4
Be5 34. Qf5 Bd6 35. e4 Qe5 36. g3 Re8 37. Rc8 Rxc8 38. Qxc8+ Ng8 39. Qf5 Qd4+
40. Kg2 Nf6 1/2-1/2

[Event "Groningen PCA"]
[Site "Groningen"]
[Date "1993.??.??"]
[Round "6"]
[White "Oll, Lembit"]
[Black "Georgiev, Kiril"]
[Result "1/2-1/2"]
[WhiteElo "2595"]
[BlackElo "2660"]
[PlyCount "101"]
[EventDate "1993.12.??"]
[EventType "swiss"]
[EventRounds "11"]
[EventCountry "NED"]
[Source "ChessBase"]
[SourceDate "1994.04.01"]

1. e4 e5 2. Nf3 Nc6 3. d4 exd4 4. Nxd4 Nf6 5. Nxc6 bxc6 6. Bd3 d6 7. O-O g6 8.
Qe1 Bg7 9. e5 dxe5 10. Qxe5+ Be6 11. Bc4 Qd6 12. Qe2 Nd5 13. Nd2 O-O 14. Ne4
Qe5 15. Nc5 Qxe2 16. Bxe2 Bf5 17. Bd3 Bxd3 18. Nxd3 Rab8 19. Rd1 Rfd8 20. Bg5
Rd6 21. Rab1 c5 22. c4 h6 23. Nxc5 hxg5 24. Rxd5 Rxd5 25. cxd5 Rd8 26. Rd1 Bxb2
27. Na6 Be5 28. Nb4 Bd6 29. Nc6 Re8 30. Kf1 Re4 31. Rd4 Rxd4 32. Nxd4 Bc5 33.
Nc6 Kf8 34. f3 Ke8 35. Ke2 Kd7 36. Kd3 Kd6 37. Kc4 Bg1 38. h3 Bf2 39. a4 Bg1
40. Nd8 Ke7 41. Nb7 f5 42. Na5 Kd6 43. Nc6 Bf2 44. Nb4 Bb6 45. Nc6 Bf2 46. g3
Be3 47. Nb4 Bf2 48. Nc6 Be3 49. g4 Bf2 50. Nb4 Bb6 51. Nc6 1/2-1/2

[Event "Groningen PCA"]
[Site "Groningen"]
[Date "1993.??.??"]
[Round "7"]
[White "Agdestein, Simen"]
[Black "Oll, Lembit"]
[Result "0-1"]
[WhiteElo "2610"]
[BlackElo "2595"]
[PlyCount "70"]
[EventDate "1993.12.??"]
[EventType "swiss"]
[EventRounds "11"]
[EventCountry "NED"]
[Source "ChessBase"]
[SourceDate "1994.04.01"]

1. d4 d5 2. c4 c6 3. Nc3 Nf6 4. e3 e6 5. Nf3 Nbd7 6. Be2 dxc4 7. a4 Be7 8. Bxc4
O-O 9. O-O c5 10. Qe2 cxd4 11. Nxd4 Ne5 12. Ba2 Bd7 13. Rd1 Qb8 14. h3 Nc6 15.
Nf3 Rd8 16. e4 Be8 17. Rxd8 Qxd8 18. Bg5 Nd7 19. Bxe7 Qxe7 20. e5 Rd8 21. Bb1
Qc5 22. Qe4 Nf8 23. Qh4 Qb6 24. Be4 h6 25. Rb1 Nd4 26. Nh2 Nf5 27. Bxf5 exf5
28. Nf3 Ne6 29. Qh5 f4 30. Qf5 Bc6 31. Qg4 Rd3 32. Nh4 Rxc3 33. Nf5 Rc2 34. Qh4
g5 35. Nxh6+ Kh7 0-1

[Event "Groningen PCA"]
[Site "Groningen"]
[Date "1993.??.??"]
[Round "8"]
[White "Oll, Lembit"]
[Black "Azmaiparashvili, Zurab"]
[Result "1-0"]
[WhiteElo "2595"]
[BlackElo "2630"]
[PlyCount "79"]
[EventDate "1993.12.??"]
[EventType "swiss"]
[EventRounds "11"]
[EventCountry "NED"]
[Source "ChessBase"]
[SourceDate "1994.04.01"]

1. e4 c5 2. Nf3 d6 3. d4 cxd4 4. Nxd4 Nf6 5. Nc3 Nc6 6. Bg5 e6 7. Qd2 a6 8.
O-O-O Bd7 9. f3 Rc8 10. Kb1 Be7 11. h4 Ne5 12. g4 b5 13. Bd3 O-O 14. Be3 Kh8
15. h5 Rc7 16. g5 Ng8 17. f4 Nc4 18. Bxc4 Rxc4 19. f5 b4 20. Nce2 e5 21. f6
Bxf6 22. gxf6 Nxf6 23. h6 g6 24. Qd3 Qc7 25. b3 Rc5 26. Nf3 Rc6 27. Bg5 d5 28.
exd5 Bf5 29. dxc6 Bxd3 30. Bxf6+ Kg8 31. Nxe5 Bxe2 32. Rd7 Qb6 33. Nxg6 Ra8 34.
Bd4 Qb5 35. Ne7+ Kf8 36. Rg1 f6 37. Rg8+ Kf7 38. Rxa8 Bg4 39. Nf5+ Kg6 40. c7
1-0